Những thông tin về đặc điểm sinh học và nuôi tôm chân trắng (Lipopenaeus vannamei) ở một số nước và Việt Nam
Sách trình bày một số đặc điểm sinh học, tình hình khai thác và kỹ thuật nuôi tôm chân trắng.
Tallennettuna:
| Yhteisötekijät: | , |
|---|---|
| Aineistotyyppi: | Kirja |
| Kieli: | Undetermined |
| Julkaistu: |
Hà Nội
Nông nghiệp
2004
|
| Aiheet: | |
| Tagit: |
Lisää tagi
Ei tageja, Lisää ensimmäinen tagi!
|
| Thư viện lưu trữ: | Trung tâm Học liệu Trường Đại học Cần Thơ |
|---|
| LEADER | 00888nam a2200205Ia 4500 | ||
|---|---|---|---|
| 001 | CTU_161189 | ||
| 008 | 210402s9999 xx 000 0 und d | ||
| 082 | |a 639.6 | ||
| 082 | |b Tr513 | ||
| 110 | |a Bộ Thủy sản | ||
| 110 | |b Trung tâm Khuyến ngư Quốc gia | ||
| 245 | 0 | |a Những thông tin về đặc điểm sinh học và nuôi tôm chân trắng (Lipopenaeus vannamei) ở một số nước và Việt Nam | |
| 245 | 0 | |c Bộ Thủy sản. Trung tâm Khuyến ngư Quốc gia | |
| 260 | |a Hà Nội | ||
| 260 | |b Nông nghiệp | ||
| 260 | |c 2004 | ||
| 520 | |a Sách trình bày một số đặc điểm sinh học, tình hình khai thác và kỹ thuật nuôi tôm chân trắng. | ||
| 650 | |a Fish culture,Shrimps | ||
| 904 | |i Giang | ||
| 980 | |a Trung tâm Học liệu Trường Đại học Cần Thơ | ||